Statistics for Guess the Location #46 (Series 3)

Click here to take the quiz!

General Stats

  • This quiz has been taken 13 times
  • The average score is 14 of 15

Answer Stats

ISO 3166
Alpha-3
Sovereign
State?
ContinentLocation% Correct
AGOYAfricaAngola
100%
ATGYN. Amer.Antigua and Barbuda
100%
IRLYEuropeIreland
100%
KIRYOceaniaKiribati
100%
MDGYAfricaMadagascar
100%
THAYAsiaThailand
100%
TUNYAfricaTunisia
100%
TURYAsiaTurkey
100%
UGAYAfricaUganda
100%
URYYS. Amer.Uruguay
100%
BRAYS. Amer.Brazil
92%
COMYAfricaComoros
92%
PRTYEuropePortugal
85%
SSDYAfricaSouth Sudan
85%
PSEPartial recognitionAsiaPalestine
77%

Score Distribution

Percentile by Number Answered

Percent of People with Each Score

Your Score History

You have not taken this quiz